Linguistic studies of text and discourse

Enregistré dans:
Détails bibliographiques
Auteur principal: Halliday, Michael Alexander Kirkwood (Auteur)
Format: Livre
Langue:anglais
Publié: Londres Continuum 2002
Édition:1a. ed
Collection:Collected Works of M. A. K. Halliday, 2
Sujets:
Tags: Ajouter un tag
Pas de tags, Soyez le premier à ajouter un tag!

MARC

LEADER 00000nam a2200000 a 4500
001 UCK4968
003 CL-VaPUC
008 050708e20020000UK |||||||||||||||||eng|d
020 |a 0826458688 
082 0 4 |a 401.41  |b HAL  |2 21 
100 0 |a Halliday, Michael Alexander Kirkwood  |e author  |9 461646 
245 1 0 |a Linguistic studies of text and discourse 
250 |a 1a. ed 
300 |a 301 p 
942 |c BK 
945 |d 20050708 00:00:00  |a cmena 
260 |a Londres  |b Continuum  |c 2002 
650 0 |a Análisis del discurso  |9 256696 
650 0 |a Investigación lingüística  |9 329785 
650 0 |a Semiótica  |9 265317 
583 |a last modification  |c 20050708 00:00:00  |k Rodrigo Vera 
490 0 |a Collected Works of M. A. K. Halliday, 2 
999 |c 313668  |d 313666 
952 |0 0  |1 0  |4 0  |6 401_410000000000000_HAL_2002  |7 0  |8 A  |9 385149  |a FDOPOS  |b FDOPOS  |d 2019-11-22  |i 414340K  |o 401.41 HAL 2002  |p 414340K  |r 2025-01-22  |w 2019-11-22  |y BK  |k MLA 
952 |0 0  |1 0  |4 0  |6 401_410000000000000_HAL_2002  |7 0  |8 A  |9 385150  |a FDOPOS  |b FDOPOS  |d 2019-11-22  |i 4153278  |o 401.41 HAL 2002  |p 4153278  |r 2025-01-22  |w 2019-11-22  |y BK  |k MLA 
952 |0 0  |1 0  |4 0  |6 401_410000000000000_HAL_2002  |7 0  |8 A  |9 385151  |a BIBEDU  |b BIBEDU  |d 2019-11-22  |i 4283317  |o 401.41 HAL 2002  |p 4283317  |r 2019-11-22  |w 2019-11-22  |y BK  |k LIT